[Event "GER-ch U25 op-C"]
[Site "Willingen"]
[Date "2024.05.19"]
[Round "2"]
[White "Essers, Mathilda Marie"]
[Black "Moissl, Felix"]
[Result "0-1"]
[WhiteElo "923"]
[BlackElo "1600"]
[PlyCount "54"]
[EventDate "2024.05.19"]
[EventType "swiss"]
[EventRounds "9"]
[EventCountry "GER"]
[SourceTitle "EXT 2025"]
[Source "ChessBase"]
[SourceDate "2024.10.14"]
[SourceVersion "1"]
[SourceVersionDate "2024.10.14"]
[SourceQuality "1"]

1. d4 d5 2. Bf4 Bf5 3. e3 c5 4. c3 Nf6 5. Nf3 e6 6. Nbd2 Bd6 7. Ne5 Bxe5 8. Bxe5 0-0 9. Be2 Nc6 10. Bxf6 Qxf6 11. dxc5 Rac8 12. Nb3 Qg6 13. Bf3 Ne5 14. 0-0 Bc2 15. Qe2 Bd3 16. Qd1 Bxf1 17. Qxf1 Nxf3+ 18. Kh1 Ne5 19. Qb5 Qc2 20. Na5 Qxf2 21. h3 Qxe3 22. Nxb7 Rb8 23. c6 Rfc8 24. Qa6 Rxc6 25. Qb5 Rb6 26. Qa4 R6xb7 27. Rb1 h6 0-1

[Event "GER-ch U10 Girls"]
[Site "Willingen"]
[Date "2023.05.29"]
[Round "3"]
[White "Lu, Sheng"]
[Black "Essers, Mathilda Marie"]
[Result "1-0"]
[WhiteElo "1227"]
[BlackElo "755"]
[PlyCount "93"]
[EventDate "2023.05.27"]
[EventType "swiss"]
[EventRounds "11"]
[EventCountry "GER"]
[SourceTitle "CBM 214 Extra"]
[Source "ChessBase"]
[SourceDate "2023.07.31"]
[SourceVersion "1"]
[SourceVersionDate "2023.07.31"]
[SourceQuality "1"]

1. e4 c5 2. Nf3 e6 3. d4 cxd4 4. Nxd4 Nc6 5. Nc3 a6 6. a3 Qc7 7. Be2 Nf6 8. Be3 Be7 9. 0-0 0-0 10. f4 d6 11. Rb1 Bd7 12. Nf3 Rac8 13. Qe1 Rfd8 14. Qg3 d5 15. e5 Nh5 16. Qg4 g6 17. Bd3 f5 18. Qh3 d4 19. Nxd4 Bc5 20. Nxc6 Bxe3+ 21. Qxe3 Bxc6 22. Bc4 Bd7 23. Bb3 b5 24. Rbd1 b4 25. axb4 Bb5 26. Nxb5 axb5 27. Bxe6+ Kg7 28. Bxc8 Rxc8 29. c3 Rb8 30. Qd4 Rb7 31. e6+ Nf6 32. Rfe1 Rb6 33. e7 Rb8 34. e8N+ Rxe8 35. Rxe8 Kh6 36. Qxf6 Qxf4 37. Qd4 Qg5 38. Qd2 Qxd2 39. Rxd2 g5 40. Rd6+ Kh5 41. h3 h6 42. Rh8 Kh4 43. Kf2 g4 44. Rhxh6+ Kg5 45. h4+ Kf4 46. g3+ Ke4 47. Rhe6# 1-0

[Event "GER-ch U10 Girls"]
[Site "Willingen"]
[Date "2023.05.28"]
[Round "1"]
[White "Tiuca, Emma"]
[Black "Essers, Mathilda Marie"]
[Result "1-0"]
[WhiteElo "1149"]
[BlackElo "755"]
[PlyCount "55"]
[EventDate "2023.05.27"]
[EventType "swiss"]
[EventRounds "11"]
[EventCountry "GER"]
[SourceTitle "CBM 214 Extra"]
[Source "ChessBase"]
[SourceDate "2023.07.31"]
[SourceVersion "1"]
[SourceVersionDate "2023.07.31"]
[SourceQuality "1"]

1. e4 c5 2. Nf3 e6 3. d4 cxd4 4. Nxd4 Nc6 5. Nxc6 bxc6 6. Nc3 d6 7. Bd3 Be7 8. Be3 Nf6 9. 0-0 0-0 10. h3 h6 11. Qd2 Bd7 12. Rad1 d5 13. exd5 cxd5 14. Rfe1 e5 15. Bxh6 gxh6 16. Qxh6 e4 17. Be2 Rb8 18. Rb1 d4 19. Qg5+ Kh8 20. Qh4+ Nh7 21. Qxe4 Ng5 22. Qxd4+ Bf6 23. Qf4 Nh7 24. Bd3 Bg5 25. Qf3 Rc8 26. Qh5 Kg7 27. Qxh7+ Kf6 28. Nd5# 1-0